00441 2200181 4500001002100000005001500021008004100036020001800077035001900095041000700114082000800121090001400129100001500143245002100158260003300179300002000212650002700232INLIS00000000001255620241224114404241224||||||||| | ||| |||| || |  a979-3421-89-4 0010-1224012556 aid0 a650 a650 DAU p0 aDjumialdji00aPerjanjian Kerja aJakartabsinar grafikac2005 a119hkm,;14x20cm 0aSurat-surat perjanjian